00350nam a22001097a 4500003000400000020001700004082001900021100003800040245006400078260009000142300000800232SGT a978938591568 a891.4309bG22G aगुप्ता, नीलम  aगांव के राष्ट्रशिल्पी b गुजरात विद्यापीठ आश्रम मार्गc2022 a416